00270nam a2200121Ia 45000030006000000080041000060400015000471000020000622450019000822600018001015460012001190050017001310STCL150530s9999 xx 000 0 und d aSTCLcSTCL aLe joly, E.; Ed aLife of christ bSt.Paulc1957 aEnglish20220125165403.0